| 000 | 00939cam a22002651i 4500 | ||
|---|---|---|---|
| 001 | 6077430 | ||
| 003 | EG-ScBUE | ||
| 005 | 20250731100405.0 | ||
| 008 | 730117s1959 nyua f b 001 0 eng d | ||
| 035 | _a(OCoLC)541618 | ||
| 040 |
_aDLC _beng _erda _cODaWU _dOCoLC _dUk _dDLC _dEG-ScBUE |
||
| 082 | 0 | 4 |
_a542.9 _222 _bSCH |
| 100 | 1 |
_aSchachman, Howard K., _eauthor. _97032 |
|
| 245 | 1 | 0 |
_aUltracentrifugation in biochemistry / _cHoward k. Schachman, Biochemistry and Virus Laboratory, University of California, Berkeley, California. |
| 264 | 1 |
_aNew York : _bAcademic Press, _c1959. |
|
| 300 |
_a272 pages : _billustrations ; _c24 cm |
||
| 336 |
_2rdacontent _atext _btxt |
||
| 337 |
_aunmediated _2rdamedia _bn |
||
| 338 |
_avolume _bnc _2rdacarrier |
||
| 504 | _aIncludes bibliographical references and index. | ||
| 650 | 7 |
_aCentrifuges. _2BUEsh _97033 |
|
| 650 | 7 |
_aBiochemistry. _2BUEsh _97034 |
|
| 655 | _vReading book | ||
| 942 |
_2ddc _cBB |
||
| 999 |
_c12059 _d12059 |
||